Aptitudes y conocimientos básicos para el ingreso en la Universidad Politécnica / (Record no. 4220)

MARC details
000 -CABECERA
campo de control de longitud fija 00842nam a2200205 a 4500
005 - FECHA Y HORA DE LA ÚLTIMA TRANSACCIÓN
campo de control 20241010063720.0
008 - ELEMENTOS DE LONGITUD FIJA--INFORMACIÓN GENERAL
campo de control de longitud fija 991125s1970 es 000 0 spa u
020 ## - NÚMERO INTERNACIONAL NORMALIZADO PARA LIBROS
Número Internacional Estándar del Libro 843690401X
035 ## - NÚMERO DE CONTROL DEL SISTEMA
Número de control de sistema UPN01000004220
049 ## - COLECCIÓN
Colección CG
050 #4 - SIGNATURA TOPOGRÁFICA DE LA BIBLIOTECA DEL CONGRESO
Número de clasificación LA917
Número de documento/Ítem U52
110 2# - ASIENTO PRINCIPAL--NOMBRE CORPORATIVO
Nombre de entidad corporativa o nombre de jurisdicción como elemento de entrada Universidad Politécnica de Valencia.
Unidad subordinada Instituto de Ciencias de la Educación
245 10 - MENCIÓN DE TÍTULO
Título Aptitudes y conocimientos básicos para el ingreso en la Universidad Politécnica /
Mención de responsabilidad, etc. Universidad Politécnica de Valencia, Instituto de Ciencias de la Educación.
260 ## - PUBLICACIÓN, DISTRIBUCIÓN, ETC.
Lugar de publicación, distribución, etc. Madrid :
Nombre del editor, distribuidor, etc. Ministerio de Educación y Ciencia,
Fecha de publicación, distribución, etc. [197-?].
300 ## - DESCRIPCIÓN FÍSICA
Extensión 80 p., [1] h. pleg. :
Otras características físicas il.
500 ## - NOTA GENERAL
Nota general "II y II Plan nacional de investigaciones educativas"
650 #4 - ASIENTO SECUNDARIO DE MATERIA - TERMINO TEMATICO
Término de materia o nombre geográfico como elemento de entrada Educación superior
Subdivisión geográfica España
9 (RLIN) 6844
650 #4 - ASIENTO SECUNDARIO DE MATERIA - TERMINO TEMATICO
Término de materia o nombre geográfico como elemento de entrada Universidades y colegios
Subdivisión general Requisitos de admisión
9 (RLIN) 1626
905 ## - TIPO DE MATERIAL
Tipo de material Libro
Holdings
Estado de retiro Estado de pérdida Fuente del sistema de clasificación o colocación Estado dañado No para préstamo Código de colección Localización permanente Ubicación/localización actual Ubicación en estantería Total de préstamos Clasificación Código de barras Fecha visto por última vez Número de copia Tipo de ítem Koha
    Library of Congress Classification     Colección General Bib. Gregorio Torres Quintero Bib. Gregorio Torres Quintero Planta baja   LA917 U52 7858 31/12/2020 1 Libro